| 000 | 01392nam a2200337 c 4500 | ||
|---|---|---|---|
| 003 | BLK | ||
| 005 | 20180420221428.0 | ||
| 008 | 180408b bul|||||r ||||||| ||bul|| | ||
| 010 | _aKNG00046843000 | ||
| 020 |
_a5-257-00135-7 _bиздат.: Росмэн |
||
| 040 | _aBLK | ||
| 041 |
_aRUS _cRUS |
||
| 080 |
_aПодреждане и аранжиране на цветя - Изработване на букети, гирлянди, венци, аранжиране в вази и др. съдове, икебана и др. на сушени растения, семена _b745.9 _x _z745.9 |
||
| 100 | 1 |
_aБарнетт, Фиона _eпърви автор _936731 |
|
| 700 | 1 |
_aЭджрикс, Роджер _eсъавт. _9144777 |
|
| 139 |
_aБарнетт, Фиона _bБ 26 |
||
| 245 | 1 | 0 |
_aСухие цветы _b50 современных композиций из сухих цветов _cФиона Барнетт; съавт. Роджер Эджрикс. |
| 257 | _aRUS | ||
| 260 |
_аМосква _bРосмэн _c1997 |
||
| 300 |
_a96 с _bсъс сн. _c30 см |
||
| 380 | _a7 | ||
| 490 | 1 | _aУкрасим дом | |
| 650 | 4 |
_aБукети - аранжиране _9149274 |
|
| 653 | _aцветя | ||
| 653 | _aбукети | ||
| 852 | _aЦб ІІ 10322 | ||
| 856 | 4 |
_qpdf _u |
|
| 856 | 4 |
_qpdf _u |
|
| 942 |
_cKNG _n0 |
||
| 944 |
_aCR _c01.01.1999 _kAB_DOS |
||
| 944 |
_aED _c26.06.2015 _kИрена_Линкова |
||
| 999 |
_c43152 _d43152 |
||